000 00338nam a2200133Ia 4500
008 240624s9999 xx 000 0 und d
041 _aeng
082 _a006.7 RAO
100 _aROA K R
245 _aMULTIMEDIA COMMUNICATION SYSTEMS TECHNIQ
260 _c2004
_aDelhi
_bPearson Education
300 _axxvi, : 545 : cm. ; 25
365 _cRS
999 _c1835
_d1835